The Old Testament as literature : (Record no. 10522)
[ view plain ]
| 000 -LEADER | |
|---|---|
| fixed length control field | 02264cam a2200421 i 4500 |
| 001 - CONTROL NUMBER | |
| control field | 1391328028 |
| 003 - CONTROL NUMBER IDENTIFIER | |
| control field | OCoLC |
| 005 - DATE AND TIME OF LATEST TRANSACTION | |
| control field | 20241128103500.0 |
| 008 - FIXED-LENGTH DATA ELEMENTS--GENERAL INFORMATION | |
| fixed length control field | 231002t20242024miu b 001 0 eng |
| 010 ## - | |
| -- | 2023038259 |
| 020 ## - INTERNATIONAL STANDARD BOOK NUMBER | |
| International Standard Book Number | 9781540961310 |
| 020 ## - INTERNATIONAL STANDARD BOOK NUMBER | |
| International Standard Book Number | 1540961311 |
| 020 ## - INTERNATIONAL STANDARD BOOK NUMBER | |
| Canceled/invalid ISBN | 9781493444373 |
| 020 ## - INTERNATIONAL STANDARD BOOK NUMBER | |
| Canceled/invalid ISBN | 9781493444380 |
| 035 ## - SYSTEM CONTROL NUMBER | |
| System control number | (OCoLC)1391328028 |
| 040 ## - CATALOGING SOURCE | |
| Original cataloging agency | DLC |
| Language of cataloging | eng |
| Description conventions | rda |
| Transcribing agency | DLC |
| Modifying agency | OCLCO |
| -- | BCT |
| -- | MSV |
| -- | NVS |
| -- | YDX |
| -- | JES |
| -- | NVS |
| -- | ATH |
| 042 ## - | |
| -- | pcc |
| 050 00 - | |
| -- | BS535 |
| -- | .L585 2024 |
| 050 00 - | |
| -- | BS535 |
| -- | .L585 2024 |
| 082 00 - DEWEY DECIMAL CLASSIFICATION NUMBER | |
| Classification number | 220.66 |
| Edition information | 23/eng/20231017 |
| Item number | LON |
| 100 1# - MAIN ENTRY--PERSONAL NAME | |
| Personal name | Longman, Tremper, |
| Titles and words associated with a name | III, |
| Relator term | author. |
| 9 (RLIN) | 14462 |
| 245 14 - TITLE STATEMENT | |
| Title | The Old Testament as literature : |
| Remainder of title | foundations for Christian interpretation / |
| Statement of responsibility, etc. | Tremper Longman III. |
| 264 #1 - PRODUCTION, PUBLICATION, DISTRIBUTION, MANUFACTURE, AND COPYRIGHT NOTICE | |
| Place of production, publication, distribution, manufacture | Grand Rapids, Michigan : |
| Name of producer, publisher, distributor, manufacturer | Baker Academic, a division of Baker Publishing Group, |
| Date of production, publication, distribution, manufacture, or copyright notice | [2024] |
| 264 #4 - PRODUCTION, PUBLICATION, DISTRIBUTION, MANUFACTURE, AND COPYRIGHT NOTICE | |
| Date of production, publication, distribution, manufacture, or copyright notice | ℗♭ 2024 |
| 300 ## - PHYSICAL DESCRIPTION | |
| Extent | xii, 292 pages ; |
| Dimensions | 24 cm. |
| 336 ## - CONTENT TYPE | |
| Content type term | text |
| Content type code | txt |
| Source | rdacontent |
| 337 ## - MEDIA TYPE | |
| Media type term | unmediated |
| Media type code | n |
| Source | rdamedia |
| 338 ## - CARRIER TYPE | |
| Carrier type term | volume |
| Carrier type code | nc |
| Source | rdacarrier |
| 490 1# - SERIES STATEMENT | |
| Series statement | Approaching the Old Testament |
| 504 ## - BIBLIOGRAPHY, ETC. NOTE | |
| Bibliography, etc. note | Includes bibliographical references (pages 267-280) and indexes. |
| 505 0# - FORMATTED CONTENTS NOTE | |
| Formatted contents note | Introduction: scope and procedure -- The location of meaning -- History of the study of the Old Testament as literature -- Genre triggers reading strategy -- Narrative prose as genre -- Poetry as genre -- Intertextuality -- Literary readings of prose narratives from the Torah -- Literary readings of prose narratives from the Historical books -- Literary readings of poetic texts from the Psalms -- Literary readings of poetic texts from Wisdom literature -- Literary readings of poetic texts from the Prophets and epic poetry -- Postlude: the Old Testament as literature. |
| 520 ## - SUMMARY, ETC. | |
| Summary, etc. | "In the first of a three-volume project covering the foundations of Old Testament interpretation, a leading scholar explores the language and literature of the Old Testament as keys to understanding the biblical text"-- |
| Assigning source | Provided by publisher. |
| 630 00 - SUBJECT ADDED ENTRY--UNIFORM TITLE | |
| Uniform title | Bible. |
| Name of part/section of a work | Old Testament |
| General subdivision | Criticism, interpretation, etc. |
| 9 (RLIN) | 57 |
| 630 00 - SUBJECT ADDED ENTRY--UNIFORM TITLE | |
| Uniform title | Bible. |
| Name of part/section of a work | Old Testament |
| General subdivision | Language, style. |
| 9 (RLIN) | 2508 |
| 650 #0 - SUBJECT ADDED ENTRY--TOPICAL TERM | |
| Topical term or geographic name entry element | Bible as literature. |
| 9 (RLIN) | 1949 |
| 830 #0 - | |
| -- | Approaching the Old Testament. |
| -- | 18321 |
| 942 ## - ADDED ENTRY ELEMENTS (KOHA) | |
| Source of classification or shelving scheme | Dewey Decimal Classification |
| Koha item type | Books |
| Withdrawn status | Lost status | Source of classification or shelving scheme | Damaged status | Not for loan | Home library | Current Library | Shelving location | Date acquired | Total checkouts | Full call number | Barcode | Date last seen | Copy number | Price effective from | Koha item type | Total renewals | Date last checked out |
|---|---|---|---|---|---|---|---|---|---|---|---|---|---|---|---|---|---|
| Dewey Decimal Classification | GRACE BIBLE COLLEGE | GRACE BIBLE COLLEGE | Biblical Studies | 2024-11-25 | 220.66 LON | 020861 | 2025-05-01 | c.1 | 2024-11-25 | Books | |||||||
| Dewey Decimal Classification | GRACE BIBLE COLLEGE | GRACE BIBLE COLLEGE | Biblical Studies | 2024-12-09 | 2 | 220.66 LON | 020877 | 2025-10-10 | c.2 | 2024-12-09 | Books | 2 | 2025-07-29 |